السياسة الشرعية عند عمر بن الخطاب رضي الله عنه /
Saved in:
| Main Author: | |
|---|---|
| Other Authors: | |
| Format: | Thesis |
| Language: | Arabic |
| Published: |
['Amman] :
al-Jami'ah al-Urduniyah,
1998
|
| Subjects: | |
| Tags: |
Add Tag
No Tags, Be the first to tag this record!
|
| LEADER | 014550000a22003010004500 | ||
|---|---|---|---|
| 008 | 130909s1998 jo f 000 0 ara d | ||
| 040 | |a UIAM |b eng | ||
| 041 | |a ara | ||
| 050 | 0 | |a JC49 | |
| 100 | 1 | |a أبو الهيجاء، إيهاب أحمد سليمان | |
| 242 | 1 | 3 | |a al-Siyasah al-shar'iyah 'inda 'Umar ibn al-Khattab radiya Allah 'anh |
| 245 | 1 | 2 | |a السياسة الشرعية عند عمر بن الخطاب رضي الله عنه / |c إعداد، إيهاب أحمد سليمان أبو الهيجاء |
| 260 | |a ['Amman] : |b al-Jami'ah al-Urduniyah, |c 1998 | ||
| 300 | |a 47 leaves ; |c 30 cm. | ||
| 500 | |a "قدمت هذه الرسالة إستكمالا لمتطلبات درجة الدكتوراه في الفقه وأصوله --On t.p." | ||
| 502 | |a Thesis (Ph. D.)--Jami'at al-Urduniyah, 1998. | ||
| 596 | |a 1 | ||
| 650 | 0 | |a Islam and state | |
| 650 | 0 | |a Islam and politics | |
| 650 | 0 | |a Public law (Islamic law) | |
| 655 | |a Theses, Facsimile edition (Islamic) | ||
| 700 | 1 | |a Abu al-Hayja', Ihab Ahmad Sulaiman | |
| 710 | 2 | |a Jami'at al-Urduniyah. |b Kulliyat al-Dirasat al-'Ulya | |
| 710 | 2 | |a جامعة الأردنية. |b كلية الدراسات العليا | |
| 900 | |a arf-sar | ||
| 999 | |c 438876 |c 438876 |d 468872 |d 468872 | ||
| 999 | |c 438876 |c 438876 |d 468872 |d 468872 | ||
| 952 | |0 0 |6 TI JC 000049 A1652S 1998 |7 0 |8 THESES |9 758385 |a IIUM |b IIUM |c MULTIMEDIA |g 240.00 |o ti JC 49 A1652S 1998 |p 00011275918 |r 2017-10-23 |t 1 |v 240.00 |y THESIS | ||
